[Event "Oberliga Wuerttemberg 1617"]
[Site "Wuerttemberg"]
[Date "2016.10.16"]
[Round "2.1"]
[White "Dietzel, Jan Arthur"]
[Black "Mueller, Ralf1111"]
[Result "1/2-1/2"]
[WhiteElo "2297"]
[BlackElo "2354"]
[PlyCount "27"]
[EventDate "2016.09.25"]
[EventType "team-tourn"]
[EventRounds "11"]
[EventCountry "GER"]
[SourceTitle "EXT 2019"]
[Source "ChessBase"]
[SourceDate "2018.10.10"]
[SourceVersion "1"]
[SourceVersionDate "2018.10.10"]
[SourceQuality "1"]
[WhiteTeam "Bebenhausen"]
[BlackTeam "Erdmannhausen"]
[WhiteTeamCountry "GER"]
[BlackTeamCountry "GER"]

1. Nf3 Nf6 2. c4 g6 3. g3 Bg7 4. Bg2 c6 5. d4 d5 6. b3 Qb6 7. 0-0 0-0 8. Nbd2 Ne4 9. Bb2 Bf5 10. e3 Nd7 11. Nh4 Nxd2 12. Qxd2 Be6 13. cxd5 cxd5 14. Rfc1 1/2-1/2

[Event "Oberliga Wuerttemberg 0809"]
[Site "Wuerttemberg"]
[Date "2009.03.01"]
[Round "7.1"]
[White "Schmittdiel, Eckhard"]
[Black "Dietzel, Jan Arthur"]
[Result "1/2-1/2"]
[WhiteElo "2422"]
[BlackElo "2313"]
[PlyCount "99"]
[EventDate "2008.10.12"]
[EventType "team-tourn"]
[EventRounds "9"]
[EventCountry "GER"]
[SourceTitle "EXT 2019"]
[Source "ChessBase"]
[SourceDate "2018.10.10"]
[SourceVersion "1"]
[SourceVersionDate "2018.10.10"]
[SourceQuality "1"]
[WhiteTeam "Tuebingen"]
[BlackTeam "Bebenhausen"]
[WhiteTeamCountry "GER"]
[BlackTeamCountry "GER"]

1. c4 Nf6 2. g3 c5 3. Bg2 e6 4. Nf3 Nc6 5. 0-0 d5 6. e3 Be7 7. b3 0-0 8. d4 b6 9. Bb2 Ba6 10. Nbd2 Rc8 11. Qe2 Qc7 12. Rac1 Rfd8 13. Rfd1 Qb8 14. Ne5 Nxe5 15. dxe5 Nd7 16. f4 Nf8 17. h4 Rc7 18. Qg4 dxc4 19. Nxc4 Rcd7 20. Nd6 Bxd6 21. exd6 f5 22. Qf3 Rxd6 23. Be5 Rxd1+ 24. Rxd1 Qc8 25. Rxd8 Qxd8 26. Qc6 Qd7 27. Bb8 c4 28. bxc4 Qxc6 29. Bxc6 Bxc4 30. a3 a6 31. Bc7 b5 32. Bb7 Nd7 33. Bxa6 Nc5 34. Bc8 Kf7 35. Be5 g6 36. Bd4 Ne4 37. Kh2 Ke7 38. Ba6 Nd6 39. h5 gxh5 40. Kh3 Kd7 41. Kh4 Bd5 42. Bc5 Bb7 43. Bxd6 Bxa6 44. Bb4 Bb7 45. Kxh5 Ke8 46. Kh6 Kf7 47. Kxh7 Bf3 48. Kh6 Be2 49. Kg5 Bf3 50. Kh4 1/2-1/2

[Event "BL2-Sued 0607"]
[Site "Germany"]
[Date "2006.12.10"]
[Round "4.2"]
[White "Agopov, Mikael"]
[Black "Dietzel, Jan Arthur"]
[Result "1-0"]
[WhiteElo "2410"]
[BlackElo "2305"]
[PlyCount "51"]
[EventDate "2006.10.15"]
[EventType "team-tourn"]
[EventRounds "9"]
[EventCountry "GER"]
[SourceTitle "EXT 2008"]
[Source "ChessBase"]
[SourceDate "2007.11.25"]
[SourceVersion "1"]
[SourceVersionDate "2007.11.25"]
[SourceQuality "1"]
[WhiteTeam "Kirchheim"]
[BlackTeam "Bebenhausen"]
[WhiteTeamCountry "GER"]
[BlackTeamCountry "GER"]

1. Nf3 Nf6 2. c4 c5 3. Nc3 e6 4. d4 cxd4 5. Nxd4 a6 6. g3 Nc6 7. Bg2 Bc5 8. Nb3 Be7 9. Bf4 d6 10. Qd2 0-0 11. Rd1 e5 12. Bg5 Be6 13. Bxf6 Bxf6 14. Bd5 Bh3 15. Ne4 Rc8 16. Nxd6 Be7 17. c5 Rc7 18. Qc3 Nd4 19. Nxd4 Bxd6 20. Nb3 Qf6 21. g4 Qh6 22. g5 Qh4 23. Qg3 Qb4+ 24. Rd2 Bxc5 25. Qxh3 Be7 26. Qg3 1-0

[Event "Oberliga Wuerttemberg 0304"]
[Site "Wuerttemberg"]
[Date "2004.02.08"]
[Round "6.6"]
[White "Dietzel, Jan Arthur"]
[Black "Reinhardt, Bernd"]
[Result "1-0"]
[WhiteElo "2290"]
[BlackElo "2200"]
[PlyCount "43"]
[EventDate "2003.09.28"]
[EventType "team"]
[EventRounds "9"]
[EventCountry "GER"]
[SourceTitle "EXT 2006"]
[Source "ChessBase"]
[SourceDate "2005.11.24"]
[SourceVersion "1"]
[SourceVersionDate "2005.11.24"]
[SourceQuality "1"]
[WhiteTeam "Bebenhausen"]
[BlackTeam "Stuttgart II"]
[WhiteTeamCountry "GER"]
[BlackTeamCountry "GER"]

1. Nf3 f5 2. g3 g6 3. Bg2 Bg7 4. d4 Nf6 5. 0-0 0-0 6. c4 d6 7. Nc3 Na6 8. Re1 c5 9. d5 Qe8 10. e4 fxe4 11. Ng5 Ng4 12. Ncxe4 Ne5 13. Bf4 Rxf4 14. gxf4 Nxc4 15. Qe2 Nxb2 16. Nxd6 Qf8 17. Qxe7 Nd3 18. Qxf8+ Bxf8 19. Re8 Nc7 20. Rxc8 Rxc8 21. Nxc8 Nb5 22. d6 1-0

[Event "BL2-Sued 0203"]
[Site "Germany"]
[Date "2003.01.13"]
[Round "4.8"]
[White "Dietzel, Jan Arthur"]
[Black "Wimmer, Herbert"]
[Result "0-1"]
[WhiteElo "2281"]
[BlackElo "2192"]
[PlyCount "90"]
[EventDate "2002.10.20"]
[EventType "team-tourn"]
[EventRounds "9"]
[EventCountry "GER"]
[SourceTitle "EXT 2004"]
[Source "ChessBase"]
[SourceDate "2003.11.25"]
[SourceVersion "1"]
[SourceVersionDate "2003.11.25"]
[SourceQuality "1"]
[WhiteTeam "Bebenhausen"]
[BlackTeam "Pang/Rosenheim"]
[WhiteTeamCountry "GER"]
[BlackTeamCountry "GER"]

1. Nf3 d5 2. c4 c6 3. g3 Nf6 4. Bg2 a6 5. b3 Bf5 6. 0-0 h6 7. Ba3 g5 8. d3 Bg7 9. Nbd2 0-0 10. Re1 d4 11. e3 dxe3 12. Rxe3 Re8 13. Qe1 e6 14. h3 Bxd3 15. Ne5 Bh7 16. Ndf3 Nbd7 17. Rd1 Qc8 18. Bd6 Nxe5 19. Bxe5 Rd8 20. Bd6 Ne8 21. Be5 Rxd1 22. Qxd1 Qd8 23. Qa1 f6 24. Bc3 e5 25. Nh2 Qe7 26. f4 e4 27. Ng4 Rd8 28. fxg5 hxg5 29. Kh2 f5 30. Bxg7 Nxg7 31. Nf6+ Kh8 32. Re1 Rf8 33. Nh5 Bg6 34. Nxg7 Qxg7 35. Qc1 Qe7 36. h4 gxh4 37. Qh6+ Bh7 38. Qxh4 Qxh4+ 39. gxh4 Rd8 40. Kg3 Rd2 41. Bh3 Rd3+ 42. Kh2 f4 43. Bc8 Rd2+ 44. Kg1 e3 45. Rf1 Bd3 0-1

[Event "BL2-Sued 0203"]
[Site "Germany"]
[Date "2002.11.17"]
[Round "2.8"]
[White "Dietzel, Jan Arthur"]
[Black "Rudolph, Johannes"]
[Result "1-0"]
[WhiteElo "2281"]
[BlackElo "2260"]
[PlyCount "93"]
[EventDate "2002.10.20"]
[EventType "team-tourn"]
[EventRounds "9"]
[EventCountry "GER"]
[SourceTitle "EXT 2004"]
[Source "ChessBase"]
[SourceDate "2003.11.25"]
[SourceVersion "1"]
[SourceVersionDate "2003.11.25"]
[SourceQuality "1"]
[WhiteTeam "Bebenhausen"]
[BlackTeam "Kirchheim"]
[WhiteTeamCountry "GER"]
[BlackTeamCountry "GER"]

1. Nf3 d5 2. c4 c6 3. g3 Nf6 4. Bg2 dxc4 5. Na3 e5 6. Nxc4 e4 7. Ng5 Qd5 8. d3 Bb4+ 9. Bd2 Qc5 10. Nxe4 Nxe4 11. Bxe4 Bh3 12. Bxb4 Qxb4+ 13. Qd2 Qe7 14. Ne3 Nd7 15. Bf5 Bxf5 16. Nxf5 Qf6 17. Ne3 0-0 18. 0-0 Rfe8 19. Rac1 Qe6 20. b4 Rad8 21. Qb2 Nf6 22. Rc4 Nd5 23. Re4 Qd7 24. Nxd5 Qxd5 25. Rxe8+ Rxe8 26. Re1 h5 27. h4 Re6 28. Rc1 b6 29. Rc4 Kh7 30. Qc2 g6 31. Qb2 Qb5 32. Rf4 Kg8 33. Rd4 c5 34. Rd8+ Re8 35. Rxe8+ Qxe8 36. bxc5 bxc5 37. e3 Qd8 38. Qb5 Qe7 39. a4 Kg7 40. a5 Qe5 41. d4 Qe4 42. dxc5 Qc2 43. c6 Qd1+ 44. Kg2 Qd6 45. Qc4 Qc7 46. Qc5 Kf6 47. e4 1-0

[Event "Oberliga Wuerttemberg 9900"]
[Site "Wuerttemberg"]
[Date "2000.01.16"]
[Round "?"]
[White "Dietzel, Jan Arthur"]
[Black "Boehm, Martin"]
[Result "1-0"]
[WhiteElo "2288"]
[BlackElo "2279"]
[PlyCount "107"]
[EventDate "1999.??.??"]
[EventType "team"]
[EventRounds "9"]
[EventCountry "GER"]
[SourceTitle "EXT 2005"]
[Source "ChessBase"]
[SourceDate "2004.11.15"]
[SourceVersion "1"]
[SourceVersionDate "2004.11.15"]
[SourceQuality "1"]

1. Nf3 Nf6 2. c4 c5 3. b3 g6 4. Bb2 Bg7 5. e3 0-0 6. Be2 b6 7. 0-0 Bb7 8. a3 Nc6 9. d3 d5 10. cxd5 Qxd5 11. Nbd2 Rfd8 12. Qc2 h6 13. Rad1 e5 14. Rfe1 Qe6 15. Bf1 Re8 16. d4 e4 17. Ne5 Nxe5 18. dxe5 Ng4 19. Bc4 Qf5 20. f4 exf3 21. Qxf5 gxf5 22. Nxf3 Bxf3 23. gxf3 Nxe5 24. Bxe5 Bxe5 25. Rd7 Rf8 26. f4 Bb2 27. a4 Bf6 28. Red1 Rad8 29. Kg2 Kg7 30. Kf3 Rxd7 31. Rxd7 Kg6 32. Rxa7 Bd8 33. Rd7 Kg7 34. Bd3 Bf6 35. Bxf5 Rd8 36. Rb7 Rd6 37. e4 Rd3+ 38. Kg4 Rxb3 39. e5 Bd8 40. e6 Kf8 41. Rxf7+ Ke8 42. Rb7 Re3 43. Bg6+ Kf8 44. f5 Re4+ 45. Kf3 Re1 46. Rf7+ Kg8 47. Bh7+ Kh8 48. Rf8+ Kxh7 49. Rxd8 Kg7 50. Kf4 Kf6 51. Rf8+ Ke7 52. Rf7+ Ke8 53. Rb7 Ra1 54. Ke5 1-0

[Event "Oberliga Wuerttemberg 9899"]
[Site "Wuerttemberg"]
[Date "1998.12.13"]
[Round "4"]
[White "Mohrlok, Dieter A"]
[Black "Dietzel, Jan Arthur"]
[Result "1-0"]
[WhiteElo "2405"]
[BlackElo "2290"]
[PlyCount "217"]
[EventDate "1998.10.??"]
[EventType "team"]
[EventRounds "9"]
[EventCountry "GER"]
[SourceTitle "EXT 2000"]
[Source "ChessBase"]
[SourceDate "1999.11.16"]
[SourceVersion "1"]
[SourceVersionDate "1999.11.16"]
[SourceQuality "1"]

1. e4 c5 2. Nf3 d6 3. c3 Nf6 4. Be2 e6 5. 0-0 Be7 6. Re1 0-0 7. Bf1 e5 8. h3 Nc6 9. d4 cxd4 10. cxd4 exd4 11. Nxd4 d5 12. Nxc6 bxc6 13. exd5 Nxd5 14. g3 Bf6 15. Nd2 Rb8 16. Qc2 Bb7 17. Nf3 Qb6 18. Rb1 g6 19. Bd2 Rfe8 20. b3 Ba6 21. Bc4 Bxc4 22. Rxe8+ Rxe8 23. Qxc4 Qb5 24. Rc1 Qxc4 25. Rxc4 Re6 26. Nd4 Nb6 27. Nxe6 Nxc4 28. bxc4 fxe6 29. Be3 a6 30. Kf1 Kf7 31. Ke2 Ke7 32. Kd3 Kd6 33. Ke4 Bb2 34. c5+ Ke7 35. a4 e5 36. Kd3 Ke6 37. Kc4 Ba1 38. Kb4 Kd5 39. Ka5 Bd4 40. Kxa6 Kxc5 41. Kb7 Kb4 42. Kxc6 Kxa4 43. Kd5 Bc3 44. Ke6 Kb3 45. Kf7 Kc4 46. Kg7 Bd4 47. Kxh7 Bxe3 48. fxe3 Kd3 49. Kxg6 Kxe3 50. h4 e4 51. h5 Kd3 52. h6 e3 53. h7 e2 54. h8Q e1Q 55. Qd8+ Kc2 56. Qc8+ Kb3 57. g4 Ka3 58. Qc5+ Ka4 59. Qc6+ Ka3 60. g5 Qe3 61. Qd6+ Ka4 62. Qa6+ Kb4 63. Qf6 Ka4 64. Kf7 Qb3+ 65. Qe6 Qf3+ 66. Kg8 Qa8+ 67. Kg7 Qb7+ 68. Qf7 Qb2+ 69. Kg8 Qb8+ 70. Qf8 Qb3+ 71. Kg7 Qc3+ 72. Qf6 Qc7+ 73. Kh6 Qh2+ 74. Kg6 Qc2+ 75. Qf5 Qc6+ 76. Kf7 Qc7+ 77. Kf6 Qd8+ 78. Kg6 Qe8+ 79. Kh6 Qh8+ 80. Qh7 Qf8+ 81. Qg7 Qf4 82. Qa1+ Kb4 83. Qf6 Qh2+ 84. Kg7 Ka4 85. Qc6+ Ka5 86. g6 Qe5+ 87. Kg8 Qb8+ 88. Kh7 Qh2+ 89. Kg7 Qe5+ 90. Qf6 Qc7+ 91. Qf7 Qe5+ 92. Kh7 Qh2+ 93. Kg8 Qb8+ 94. Qf8 Qb3+ 95. Kh7 Qh3+ 96. Qh6 Qd7+ 97. g7 Qf5+ 98. Kh8 Qe5 99. Qd2+ Ka4 100. Qa2+ Kb4 101. Qf7 Ka4 102. Qd7+ Ka5 103. Kg8 Qf6 104. Qd5+ Ka4 105. Qe4+ Ka3 106. Kh7 Qf7 107. Qe3+ Ka4 108. Qg5 Ka3 109. Kh8 1-0

[Event "Oberliga Wuerttemberg 9899"]
[Site "Wuerttemberg"]
[Date "1998.10.11"]
[Round "1"]
[White "Dietzel, Jan Arthur"]
[Black "Rau, Juergen"]
[Result "1-0"]
[WhiteElo "2290"]
[BlackElo "2175"]
[PlyCount "73"]
[EventDate "1998.10.??"]
[EventType "team"]
[EventRounds "9"]
[EventCountry "GER"]
[SourceTitle "EXT 2000"]
[Source "ChessBase"]
[SourceDate "1999.11.16"]
[SourceVersion "1"]
[SourceVersionDate "1999.11.16"]
[SourceQuality "1"]

1. Nf3 Nf6 2. c4 g6 3. g3 Bg7 4. Bg2 0-0 5. d4 d6 6. 0-0 c5 7. Nc3 Nc6 8. d5 Na5 9. Nd2 a6 10. Qc2 Rb8 11. b3 b5 12. Bb2 bxc4 13. bxc4 Bh6 14. f4 Ng4 15. Nd1 Rxb2 16. Qxb2 Bg7 17. Qc1 Bd4+ 18. Kh1 Bxa1 19. Qxa1 e6 20. h3 Nf6 21. e4 Nh5 22. Qc3 f6 23. Nf2 e5 24. f5 Ng7 25. g4 g5 26. h4 h6 27. Bf3 Qc7 28. Kg2 Bd7 29. hxg5 hxg5 30. Be2 Rb8 31. Qh3 Qd8 32. Rh1 Qf8 33. Qh7+ Kf7 34. Qg6+ Kg8 35. Rh7 Ba4 36. Qh6 Kf7 37. Nf3 1-0

[Event "BL2-West 9697"]
[Site "Germany"]
[Date "1997.??.??"]
[Round "?.6"]
[White "Lehmann, Holger"]
[Black "Dietzel, Jan Arthur"]
[Result "1-0"]
[WhiteElo "2175"]
[BlackElo "2285"]
[PlyCount "93"]
[EventDate "1996.10.??"]
[EventType "team-tourn"]
[EventRounds "9"]
[EventCountry "GER"]
[SourceTitle "GER-chT2"]
[Source "ChessBase"]
[SourceDate "1999.07.01"]
[SourceVersion "1"]
[SourceVersionDate "1999.07.01"]
[SourceQuality "1"]
[WhiteTeam "Wattenscheid"]
[BlackTeam "Muenster"]
[WhiteTeamCountry "GER"]
[BlackTeamCountry "GER"]

1. d4 Nf6 2. c4 g6 3. Nc3 d5 4. cxd5 Nxd5 5. g3 Bg7 6. Bg2 Nxc3 7. bxc3 c5 8. e3 0-0 9. Ne2 Nc6 10. 0-0 cxd4 11. cxd4 Bf5 12. a4 Rc8 13. Ba3 Qd7 14. Nf4 Rfe8 15. d5 Na5 16. e4 Bg4 17. f3 Bxa1 18. Qxa1 Qxa4 19. fxg4 Nc4 20. Bb2 Qxa1 21. Bxa1 Ne3 22. Rb1 b5 23. Bd4 Nxg2 24. Kxg2 a6 25. Kf3 e5 26. dxe6 fxe6 27. Be5 Kf7 28. g5 Red8 29. Ke3 Rc5 30. Bf6 Rd7 31. h4 h5 32. Nd3 Rc2 33. Ne5+ Ke8 34. Nxd7 Kxd7 35. Ra1 Rc6 36. Rd1+ Kc7 37. Bd8+ Kb7 38. Ba5 Rc2 39. Rd7+ Kb8 40. Rg7 Ra2 41. Bb4 a5 42. Bd6+ Kc8 43. Rxg6 b4 44. Rg7 Ra3+ 45. Kd4 Ra1 46. Rc7+ Kd8 47. g6 1-0

[Event "BL2-West 9596"]
[Site "Germany"]
[Date "1996.??.??"]
[Round "?.7"]
[White "Dietzel, Jan Arthur"]
[Black "Matthaei, Alexander"]
[Result "1-0"]
[WhiteElo "2315"]
[BlackElo "2325"]
[PlyCount "57"]
[EventDate "1995.10.??"]
[EventType "team-tourn"]
[EventRounds "9"]
[EventCountry "GER"]
[SourceTitle "GER-chT2"]
[Source "ChessBase"]
[SourceDate "1999.07.01"]
[SourceVersion "1"]
[SourceVersionDate "1999.07.01"]
[SourceQuality "1"]
[WhiteTeam "Muenster"]
[BlackTeam "Koeln Porz II"]
[WhiteTeamCountry "GER"]
[BlackTeamCountry "GER"]

1. Nf3 g6 2. g3 Bg7 3. d4 Nf6 4. Bg2 0-0 5. 0-0 c6 6. c4 d5 7. b3 Ne4 8. Bb2 Bf5 9. Nbd2 Nxd2 10. Nxd2 Qd7 11. Re1 Rd8 12. Nf3 Be4 13. Rc1 dxc4 14. Rxc4 f5 15. Ng5 Bxg2 16. Kxg2 e5 17. e4 Na6 18. exf5 Qxf5 19. Qc1 b5 20. Rc3 exd4 21. Rxc6 Nb4 22. Rc7 Bf6 23. Nf7 Qd5+ 24. Kg1 Rd7 25. Nh6+ Kg7 26. Ng4 Bd8 27. Qh6+ Kg8 28. Re8+ Kf7 29. Qf8# 1-0

[Event "NRW-ch"]
[Site "Muenster"]
[Date "1995.??.??"]
[Round "5"]
[White "Dietzel, Jan Arthur"]
[Black "Siebrecht, Sebastian"]
[Result "1/2-1/2"]
[WhiteElo "2315"]
[BlackElo "2325"]
[PlyCount "38"]
[EventDate "1995.10.??"]
[EventType "tourn"]
[EventRounds "9"]
[EventCountry "GER"]
[SourceTitle "EXT 2006"]
[Source "ChessBase"]
[SourceDate "2005.11.24"]
[SourceVersion "1"]
[SourceVersionDate "2005.11.24"]
[SourceQuality "1"]

1. Nf3 g6 2. g3 Bg7 3. d4 c5 4. Bg2 Nf6 5. 0-0 cxd4 6. Nxd4 0-0 7. c4 Nc6 8. Nc3 Nxd4 9. Qxd4 d6 10. Qd3 Bf5 11. e4 Be6 12. b3 Rc8 13. Bb2 Ng4 14. Rac1 Ne5 15. Qe2 Nxc4 16. bxc4 Bxc4 17. Qe3 Bxf1 18. Bxf1 a6 19. Nd5 Rxc1 1/2-1/2

[Event "NRW-ch"]
[Site "Muenster"]
[Date "1995.??.??"]
[Round "2"]
[White "Wolter, Kai"]
[Black "Dietzel, Jan Arthur"]
[Result "1/2-1/2"]
[WhiteElo "2235"]
[BlackElo "2315"]
[PlyCount "22"]
[EventDate "1995.10.??"]
[EventType "tourn"]
[EventRounds "9"]
[EventCountry "GER"]
[SourceTitle "EXT 2006"]
[Source "ChessBase"]
[SourceDate "2005.11.24"]
[SourceVersion "1"]
[SourceVersionDate "2005.11.24"]
[SourceQuality "1"]

1. c4 Nf6 2. Nf3 e6 3. g3 b6 4. Bg2 Bb7 5. 0-0 Be7 6. Nc3 0-0 7. d4 Ne4 8. Bd2 f5 9. d5 Bf6 10. Rc1 Na6 11. Be1 Nac5 1/2-1/2